000 00702nam a22002057a 4500
010 _aENG-112169
020 _a9788174877260
_c495.00
020 _a8174877266
_c495.00
035 _aEN-95701
037 _bDBAD/PUB
082 _a333.7313909542
245 _aIntegrated land and water management for food security /
_cedited by K.N. Singh , S.K. Singh [and] S.N. Singh
260 _aNew Delhi
_bRadha Publications
_c2011
270 _a4231/1, Ansari Road, Daryaganj
_bNew Delhi
_e110002
300 _axii,188p. :
_c22cm(Hb)
_bill.,maps
500 _aIncludes bibliographical references
700 _aSingh,S.K.
700 _aSingh,S.N.
942 _2ddc
_cEN
_mINT
_h333.7313909542
999 _c91403
_d91403